Rozhlasové relace metodický a inf. materiál určený kulturně-vých. pracovníkům okr. Plzeň-sever

Bibliographic Details
Format: Journal
Language:Czech
PhysicalDescription:2 zv. 30 cm
Published: Plzeň Okresní kulturní středisko 1988-1989
Subjects:

MARC

LEADER 00000cas a2200000 a 4500
001 vtls008878774
003 SK-MaSNL
005 20260228161428.0
008 061115d19881989xr x p 0 0cze c
040 |a SNK  |b slo  |c SNK  |e AACR2 
041 0 |a cze 
043 |a e-xr--- 
044 |a xr  |c CZ 
072 7 |a 7.01/.09  |x Umenie  |2 konspekt 
080 |a 7.096  |2 2011 
080 |a 050  |2 2011 
080 |a (437.317)  |2 2011 
080 |a (051)  |2 2011 
245 0 0 |a Rozhlasové relace  |b metodický a inf. materiál určený kulturně-vých. pracovníkům okr. Plzeň-sever 
260 |a Plzeň  |b Okresní kulturní středisko  |c 1988-1989 
300 |a 2 zv.  |c 30 cm 
310 |a Periodicita nie je známa 
362 0 |a 1988-1989 
650 0 7 |a rozhlasové relácie  |2 SNKPH  |9 75079 
651 7 |a Plzeň (Česko)  |2 SNKPHgeo  |9 30244 
655 7 |a časopisy  |2 SNKPH  |9 76610 
910 |a snk 
999 |c 5330  |d 7260 
952 |0 0  |1 1  |4 0  |7 0  |a SNK  |b SNK  |d 2006-11-15  |i snkČIP 656/94  |l 0  |o snkČB 4899/1989  |p 17A0523497  |r 2026-02-21 20:05:20  |w 2026-02-21  |y PREZ